| 000 | 00354nam a2200145Ia 4500 | ||
|---|---|---|---|
| 008 | 220217s9999||||xx |||||||||||||| ||und|| | ||
| 020 | _a0-07-118996-3 | ||
| 082 | _a006.6 TAY | ||
| 100 |
_aTaylor, Jim _92848 |
||
| 245 | 0 | _aDVD demystified | |
| 250 | _a2nd | ||
| 260 |
_aTata Mcgraw hill _bBoston _c2001 |
||
| 300 | _b510 | ||
| 650 | _aMULTIMEDIA | ||
| 999 |
_c170122 _d170122 |
||